000
00316nam a22001457a 4500
008
210310b ||||| |||| 00| 0 eng d
020
_a
9780697005304
041
_a
eng
080
_a
579
082
_a
579
100
_a
11
101
_a
MIK
245
_a
Foundations in Microbiology
_c
Talaro, K
942
_2
udc
_c
BK
999
_c
56145
_d
56145